000 01246cam a2200313 a 4500
001 4488058
003 OSt
005 20180116192413.0
008 970317s1997 maua b 001 0ceng
010 _a 97008333
020 _a0262122073
040 _aDLC
_cDLC
_dDLC
043 _an-us---
050 0 0 _aGE150
_b.L47 1997
082 0 0 _a363.70092273
_aB
_221
100 1 _aLerner, Steve.
_96284
245 1 0 _aEco-pioneers :
_bpractical visionaries solving today's environmental problems /
_cSteve Lerner.
260 _aCambridge, Mass. :
_bMIT Press,
_cc1997.
300 _axii, 462 p. :
_bill. ;
_c24 cm.
504 _aIncludes bibliographical references (p. [399]-414) and index.
650 0 _aEnvironmental degradation
_zUnited States
_xCase studies.
_96285
650 0 _aSustainable development
_zUnited States
_xCase studies.
_96286
650 0 _aEnvironmental engineers
_zUnited States
_xBiography.
_96287
650 0 _aEnvironmentalists
_zUnited States
_xBiography.
_96288
906 _a7
_bcbc
_corignew
_d1
_eocip
_f19
_gy-gencatlg
942 _2ddc
_cBK
999 _c353634
_d353634